Educational technology 1 (Record no. 2619)

MARC details
000 -LEADER
fixed length control field 00678nam a22002177a 4500
003 - CONTROL NUMBER IDENTIFIER
control field URS
005 - DATE AND TIME OF LATEST TRANSACTION
control field 20220114142216.0
008 - FIXED-LENGTH DATA ELEMENTS--GENERAL INFORMATION
fixed length control field 190624s2015 ph a|||| |||| 00| 0 eng d
020 ## - INTERNATIONAL STANDARD BOOK NUMBER
International Standard Book Number 9716858051
040 ## - CATALOGING SOURCE
Language of cataloging eng
Transcribing agency URS
Modifying agency rda
050 14 - LIBRARY OF CONGRESS CALL NUMBER
Classification number LB 1028.35
Item number .C8229 2015
100 ## - MAIN ENTRY--PERSONAL NAME
Personal name Corpuz, Brenda B.
245 20 - TITLE STATEMENT
Title Educational technology 1
Statement of responsibility, etc. Brenda B. Corpuz, Paz I. Lucido
250 ## - EDITION STATEMENT
Edition statement Third Edition
260 ## - PUBLICATION, DISTRIBUTION, ETC.
Place of publication, distribution, etc. Manila:
Name of publisher, distributor, etc. Lorimar Publication;
Date of publication, distribution, etc. [2015]
300 ## - PHYSICAL DESCRIPTION
Extent 185 pages
Other physical details with illustrations
Dimensions 25 cm
504 ## - BIBLIOGRAPHY, ETC. NOTE
Bibliography, etc. note Bibliography: pages 184
524 ## - PREFERRED CITATION OF DESCRIBED MATERIALS NOTE
Preferred citation of described materials note B. B. Corpuz (2017) Educational technology 1. Manila, Lorimar Publication.
700 ## - ADDED ENTRY--PERSONAL NAME
Personal name Lucido, Paz, I
942 ## - ADDED ENTRY ELEMENTS (KOHA)
Source of classification or shelving scheme Library of Congress Classification
Koha item type Filipiniana
Holdings
Withdrawn status Source of classification or shelving scheme Damaged status Not for loan Collection code Home library Current library Shelving location Date acquired Total Checkouts Full call number Barcode Date last seen Price effective from Koha item type
  Library of Congress Classification     Non-fiction Cainta College Library Cainta College Library On Display 06/24/2019   LB 1028.35.C8229 2015 URSCAI-5134 11/04/2016 11/04/2016 Filipiniana
  Library of Congress Classification     Non-fiction Cainta College Library Cainta College Library On Display 07/02/2019   LB 1028.35.C8229 2015 URSCAI-5164 11/04/2016 11/04/2016 Filipiniana

University of Rizal System
Email us at univlibservices@urs.edu.ph

Visit our Website www.urs.edu.ph/library